000 01050cad a22002295a 4500
001 L151567
008 101117s2010 xxk f f000 0 eng d
035 _a(Sirsi) u151567
041 0 _aeng
050 0 4 _a306.1 $2 18
110 2 _aUnited Kingdom
_kLaws, etc.
_95044
245 0 0 _aHousing (Codes of Management Practice) (Student Accommodation) (England) Order 2010
260 _aLondon
_bHM Government
_c2010
490 0 _aSI
_v2010: 2615
520 _aApproves UK Universities and Guild HE "Code of Practice for management of student housing". Lays down standards of conduct and practice to be followed with regard to the management of living accommodation comprised in buildings that fall within Housing Act 2004 Sched 14 para 4 for England.
590 _aKA
650 2 4 _aHOUSING ACT 2004
651 4 _aEngland
_y886-
690 _aPROPERTY-RESIDENTIAL PROPERTY-COMMUNAL RESIDENTIAL PROPERTY
856 4 0 _uhttps://www.legislation.gov.uk/uksi/2010/2615/contents/made
_zView this item free of charge at www.legislation.gov.uk
942 _n0
999 _c111449
_d111449